000 01347nam0a22002771 4500
001 rc\3732118
005 20130115154010.9
035 _a(NLR Aleph) 007780015
090 _a7559119
_c7559119
100 _a20130115d1971 |||y0rusy50 ca
101 0 _arus
102 _aRU
105 _aa z |||||
200 1 _aСовершенствование нормирования, материального и морального стимулирования труда
_e(Из опыта работы Львовского ордена Труд. Красного Знамени производ.-техн. объединения "Электрон")
_fМ-во радиопром-сти СССР. Центр по науч. организации труда и управления
210 _aМосква
_cБ. и.
_d1971
215 _a67 с.
_cил.
_d21
225 1 _aОпыт передовых предприятий
300 _aНа обороте тит. л.: подготовили инж. В.Н. Марченко и Е.А. Долгополов
333 _aДля служебного пользования. Экз. № 4
702 1 _aМарченко
_bВ. Н.
_4570
702 1 _aДолгополов
_bЕ. А.
_4570
801 0 _aRU
_bNLR
_gpsbo
801 1 _aRU
_bELAR
_2rusmarc
852 _aNLR
_j71-50к/4089
942 _cBOOK
980 _aNB